Scuole giuridiche e università studentesche in Italia
Elmentve itt :
| Szerző: | |
|---|---|
| Dokumentumtípus: | Cikk |
| Megjelent: |
1989
|
| Sorozat: | Kolligátum
|
| Kulcsszavak: | Jogászképzés - Olaszország |
| Online Access: | http://misc.bibl.u-szeged.hu/23206 |
| LEADER | 00563nab a2200169 i 4500 | ||
|---|---|---|---|
| 001 | misc23206 | ||
| 005 | 20191108145830.0 | ||
| 008 | 170822s1989 hu o 0|| zxx d | ||
| 040 | |a SZTE Miscellanea Repozitórium |b hun | ||
| 041 | |a zxx | ||
| 100 | 1 | |a Bellomo Manlio | |
| 245 | 1 | 0 | |a Scuole giuridiche e università studentesche in Italia |h [elektronikus dokumentum] / |c Bellomo Manlio |
| 260 | |c 1989 | ||
| 300 | |a 123-140 | ||
| 490 | 0 | |a Kolligátum | |
| 695 | |a Jogászképzés - Olaszország | ||
| 856 | 4 | 0 | |u http://misc.bibl.u-szeged.hu/23206/1/87516_123-140.pdf |z Dokumentum-elérés |